00268nam a2200133Ia 4500003000900000008004100009040001300050040001300063041000800076100001500084245002100099300000800120490000600128IT-RoPAU120407s9999 xx 000 0 und d aIT-RoPAU cIT-RoPAU aita aEnzo Biagi aIl buon Paese... c cm v1